000 00682nam a22002297i 4500
003 URS
005 20220114152644.0
008 170411b xxu||||| |||| 00| 0 eng d
020 _a0070103585
040 _erda
_cURSP-College Library
_beng
050 _b337 C344 1990
100 1 _aChacholiades, Miltiades
245 _aInternational Economics
_cMiltiades Chacholiades
264 1 _aNew York
_bMcGraw-Hill Publishing Company
_c1990.
300 _axix, 505pages
_c24cm.
336 _atext
_btxt
_2rdacontent
337 _aunmediated
_bn
_2rdamedia
338 _avolume
_bnc
_2rdacarrier
500 _aIncludes index
650 0 _ainternational economic relations.
942 _2lcc
_cFR
999 _c7182
_d7182